000 00746nam a2200265Ia 4500
003 OSt
005 20220918164313.0
006 a|||||r|||| 00| 0
007 ta
008 220917b |||||||| |||| 00| 0 eng d
020 _a0521384699 (hbk)
024 _a34,972
037 _cTextual
040 _aARTS
_cARTS
_beng
041 _2eng
_aeng
082 _aO111,1M19:g, N0
100 _aGreenspan Ezra
_918200
245 0 _aWalt Whitman and the American reader
260 _aCambridge
_bCUP
_c1990
300 _axi,269p.
_ccm.
490 _aCambridge studies in American literature and culture
650 _aAMERICAN LITERATURE
942 _hO111,1M19:g, N0
_cTEXL
_2CC
999 _c124133
_d124133